FNAF Sister Location Animatronique - Statistiques

Statistiques générales
  • Ce quiz a été pris 62 fois
  • Le résultat moyen est 7 sur 11
Statistiques - réponses
Réponse % Correct
Circus Baby
100%
Ballora
94%
Funtime Freddy
92%
Funtime Foxy
90%
Ennard
85%
Bon-Bon
67%
Lolbit
44%
Minireena
40%
Bonnet
35%
Yenndo
33%
Bydibab
25%
Aucun quiz correspondant
Distribution des résultats
% des personnes avec chaque résultat
Percentile par nombre de réponses
Votre historique - résultats
Vous n’avez pas pris ce quiz